00814 2200289 4500001002100000005001500021035002500036008004100061020002200102040001700124082001200141084001400153090001800167090002100185100002400206245008300230250001100313260003500324300004600359504003400405650001000439700001800449850001200467007000300479999002100482990002100503INLIS00000000000308520200518044953 a0010-041500000000151150402s2014 yoia br ind d a978-602-255-365-6 aYOPDYOGbind04222a297 a297 AUL b aDEP 297 AUL b aCB-D.11 2014-6790 aAulia Fadhlid1980-00aBuku komlit serba "ter" dalam Islam /cAulia Fadhli; penyunting, Surya Nirwana aCet. 13 aYogyakarta :bDiva Kids,c2014 a109 halaman :bilustrasi, gambar ;c27 cm aBibliografi : halaman 108-109 4aIslam0 aSurya Nirwana aYOPDYOGta aCB-D.11/2014-679 aCB-D.11/2014-679